00864nam a2200193 a 450000100100000000500170001000800410002704000250006808200150009310000300010824502230013826000380036130000260039949000500042550000730047570000250054870000470057383000500062000002533320200930023720.0110214s1921 ag r 000 0 spa d aDO-SdBNPbspacBNPHU aNNNbF889c1 aFreud, Sigmundd1856-193910ael chiste y su relación con lo inconsciente :bel delirio y los sueños en la "Gradiva" de Jensen /cSigmund Freud ; traducción directa del alemán de Luis López-Ballesteros y de Torres ; editor Santiago Rueda. aBuenos Aires :b[S. l.],c[1921]. a287, [1] p. ;c22 cm.1 aObras completas del profesor Sigmund Freudv3 aIncluye referencias bibliográficas y notas al pie de las páginas1 aRueda, Santiagoeed.1 aLópez-Ballesteros y de Torres, Luisetr. 0aObras completas del profesor Sigmund Freudv3